000 00905nam a22001937a 4500
999 _c3597
_d3597
003 OSt
005 20240228103925.0
008 240228b ||||| |||| 00| 0 eng d
020 _a9787532158768
040 _cKH8
082 _a400 ANY
100 _aAnyi, Wang,
_eauthor.
245 _aThe Terminal of the Train/
_cWang Anyi.
260 _aShanghai;
_bShanghai literature and Art Publishing House,
_c2015.
300 _a305 pages.
520 _aThis book includes 14 early short stories written by Wang Anyi, such as the Terminal of the Train, Wall Footing, the Mediocre and Ordinary People, Wild Chrysanthemum, the Denominator and Stopping for Four Minutes. Wang Anyi's early short stories find the way out for her accumulated experiences and emotions and the important characteristic is showing the historical time in personal life.
650 _aChinese language
_vForeign language
942 _2ddc
_cTR